00428pab a2200157 454500008004000000100002400040245007100064260000900135300001300144362001000157650001800167650002100185700002400206700002000230773002000250180718b2009 xxu||||| |||| 00| 0 eng d aBharathi, G. Vijaya aNew directions of higher education in the context of globalisation c2009 ap.17-22. a7 Sep aGlobalization aHigher education aReddy, P. Harinatha aReddy, P. Mohan aUniversity News